20 pays les plus appréciés - Statistiques

Statistiques générales
  • Ce quiz a été pris 236 fois
  • Le résultat moyen est 15 sur 20
Statistiques - réponses
place Reponse % Correct
6 France
99%
10 Etats unis
96%
19 Espagne
93%
4 Italie
89%
2 Canada
87%
3 Japon
87%
1 Allemagne
86%
8 Suède
85%
11 Norvège
83%
5 Royaume uni
83%
7 Suisse
83%
9 Australie
80%
18 Belgique
76%
14 Finlande
76%
12 Pays bas
70%
15 Danemark
65%
20 Irlande
59%
16 Autriche
58%
13 Nouvelle Zelande
52%
17 Singapour
19%
Aucun quiz correspondant
Distribution des résultats
% des personnes avec chaque résultat
Percentile par nombre de réponses
Votre historique - résultats
Vous n’avez pas pris ce quiz